000 00803nam a2200217 a 4500
001 000027239
005 20240409073641.0
008 110330t1938 dr ac 001 0bfre d
040 _aDO-SdBNP
_bspa
_cBNPHU
041 1 7 _afre
_heng
082 _a923.17293
_bT866Be
100 1 _aBesault, Lawrence de
_953768
245 1 3 _aLe president Trujillo :
_bson oeuvre et la Republique Dominicaine /
_cLawrence de Besault.
260 _aCiudad Trujillo, República Dominicana :
_bLa Nación,
_c1938.
300 _a385 p. :
_bil., retrs. ;
_c24 cm.
500 _aTraducido del francés
600 1 0 _aTrujillo Molina, Rafael Leónidas,
_d 1891-1961
_976764
651 4 _aRepública Dominicana
_xPolítica Y Gobierno
_yERA DE TRUJILLO, 1930-1961
_91374
910 _aValidado. Control de calidad EMS.
049 _aBNPD
999 _c26731
_d26731